000
00292nam a22001217a 4500
041
_a
ENG
100
_a
Delhi
245
_a
Commonwealth Universities Yerbook 1992 Vol 2
260
_a
Pune
_b
The Association Of Commonwalth Universities
_c
1992
300
_a
1619
650
_a
GAE
856
_u
GAE
999
_c
659
_d
659